[Event "Kuwait City Wafra Gulf op 3rd"]
[Site "Kuwait City"]
[Date "2024.05.17"]
[Round "4"]
[White "Aaron, Sanju Thomas"]
[Black "Khalaf, Ali"]
[Result "1-0"]
[WhiteElo "1946"]
[BlackElo "1653"]
[PlyCount "99"]
[EventDate "2024.05.17"]
[EventType "swiss"]
[EventRounds "9"]
[EventCountry "KUW"]
[SourceTitle "CBM 220 Extra"]
[Source "ChessBase"]
[SourceDate "2024.07.31"]
[SourceVersion "1"]
[SourceVersionDate "2024.07.31"]
[SourceQuality "1"]

1. d4 d5 2. c4 c6 3. Nf3 Nf6 4. g3 a6 5. Nbd2 Bf5 6. Bg2 h6 7. 0-0 Nbd7 8. b3 e6 9. Bb2 Be7 10. Ne5 0-0 11. Re1 Bb4 12. a3 Bxd2 13. Qxd2 Ne4 14. Qe3 Ndf6 15. f3 Nd6 16. c5 Nb5 17. a4 Nc7 18. Qd2 Nd7 19. Nxd7 Qxd7 20. e4 Bh7 21. Rad1 Ne8 22. Qf4 Qc7 23. Qh4 b6 24. cxb6 Qxb6 25. Ba3 Qxb3 26. Bxf8 Kxf8 27. g4 Bg6 28. e5 Qxa4 29. f4 Kg8 30. Rf1 Qc2 31. g5 hxg5 32. Qxg5 Qf5 33. Qxf5 Bxf5 34. Rc1 Rc8 35. Rc3 Ra8 36. Rxc6 Bd3 37. Rfc1 Bc4 38. R6xc4 Rd8 39. Rc8 Rxc8 40. Rxc8 Kf8 41. Bf1 Ke7 42. Bxa6 g6 43. Rxe8+ Kxe8 44. Bb5+ Ke7 45. Kf2 f6 46. Kg3 fxe5 47. fxe5 Kf7 48. Kg4 Kg7 49. Kg5 Kf7 50. Bd3 1-0

[Event "Kuwait City Wafra Gulf op 3rd"]
[Site "Kuwait City"]
[Date "2024.05.17"]
[Round "5"]
[White "Al Hajiri, Bader"]
[Black "Aaron, Sanju Thomas"]
[Result "1-0"]
[WhiteElo "1958"]
[BlackElo "1946"]
[PlyCount "49"]
[EventDate "2024.05.17"]
[EventType "swiss"]
[EventRounds "9"]
[EventCountry "KUW"]
[SourceTitle "CBM 220 Extra"]
[Source "ChessBase"]
[SourceDate "2024.07.31"]
[SourceVersion "1"]
[SourceVersionDate "2024.07.31"]
[SourceQuality "1"]

1. e4 g6 2. d4 Bg7 3. Nc3 d6 4. f4 a6 5. Nf3 b5 6. a3 Bb7 7. Be3 Nd7 8. Be2 c5 9. 0-0 Ngf6 10. h3 Nxe4 11. Nxe4 Bxe4 12. Ng5 Bb7 13. f5 0-0 14. Bd3 cxd4 15. Nxh7 Kxh7 16. fxg6+ fxg6 17. Qh5+ Kg8 18. Bxg6 Nf6 19. Rxf6 Rxf6 20. Qh7+ Kf8 21. Bh6 Rxg6 22. Qxg6 Bxh6 23. Rf1+ Bf3 24. Rxf3+ Bf4 25. Rxf4# 1-0

[Event "Kuwait Rapid op"]
[Site "Kuwait"]
[Date "2023.12.02"]
[Round "7"]
[White "Al Balushi, Rashid Ali"]
[Black "Aaron, Sanju Thomas"]
[Result "0-1"]
[WhiteElo "1684"]
[BlackElo "1680"]
[PlyCount "74"]
[EventDate "2023.12.02"]
[EventType "swiss (rapid)"]
[EventRounds "9"]
[EventCountry "KUW"]
[SourceTitle "CBM 217 Extra"]
[Source "ChessBase"]
[SourceDate "2024.01.31"]
[SourceVersion "1"]
[SourceVersionDate "2024.01.31"]
[SourceQuality "1"]

1. e4 c5 2. g3 d6 3. Bg2 Nc6 4. b3 e6 5. Bb2 Nf6 6. d3 Be7 7. Nd2 a6 8. Ne2 0-0 9. Nf3 Qc7 10. Qd2 Rb8 11. h4 b5 12. Nh2 d5 13. f4 dxe4 14. dxe4 Rd8 15. Qe3 Nb4 16. Qc3 c4 17. a3 Nc6 18. b4 a5 19. 0-0 axb4 20. axb4 Bxb4 21. Qf3 Bc5+ 22. Kh1 Nd4 23. Bxd4 Bxd4 24. Rad1 Bc5 25. Rxd8+ Qxd8 26. g4 Bb7 27. Ng3 Qd4 28. g5 Nxe4 29. Nxe4 f5 30. Qh5 Bxe4 31. Nf3 Bxf3 32. Bxf3 Qxf4 33. Be2 Qg3 34. Qf3 Qxh4+ 35. Kg2 Qxg5+ 36. Kh1 Qe3 37. Qh5 Qh6 0-1

[Event "Kuwait Rapid op"]
[Site "Kuwait"]
[Date "2023.12.02"]
[Round "5"]
[White "Zayed, Ali Al Hamed"]
[Black "Aaron, Sanju Thomas"]
[Result "0-1"]
[WhiteElo "1987"]
[BlackElo "1680"]
[PlyCount "69"]
[EventDate "2023.12.02"]
[EventType "swiss (rapid)"]
[EventRounds "9"]
[EventCountry "KUW"]
[SourceTitle "CBM 217 Extra"]
[Source "ChessBase"]
[SourceDate "2024.01.31"]
[SourceVersion "1"]
[SourceVersionDate "2024.01.31"]
[SourceQuality "1"]

1. e4 c5 2. f4 d6 3. Nf3 g6 4. Nc3 Bg7 5. a3 Nc6 6. Bb5 e6 7. 0-0 Nge7 8. d3 0-0 9. Qe1 Nd4 10. Nxd4 cxd4 11. Ne2 a6 12. Ba4 b5 13. Bb3 Bb7 14. Bd2 a5 15. a4 b4 16. Qf2 Qb6 17. Qh4 d5 18. Qxe7 dxe4 19. Qh4 e3 20. Be1 Rac8 21. Ng3 f5 22. Ne2 Rc7 23. Qh3 Rfc8 24. Bc4 Rxc4 25. dxc4 Rxc4 26. Rc1 Qc5 27. Qh4 Qd5 28. Qg5 Bf6 29. Qg3 Qc5 30. c3 d3 31. Nd4 d2 32. Rd1 Bxd4 33. cxd4 Qxd4 34. Bxd2 e2+ 35. Be3 0-1